000 00709nam a2200265Ia 4500
003 OSt
005 20221006160223.0
006 a|||||r|||| 00| 0
007 ta
008 221006b |||||||| |||| 00| 0 eng d
020 _a9781937385057
_c
_22.95
024 _a44,646
037 _bGift, Window on Korea
_cTextual
040 _aEASL
_cEASL
_beng
041 _2eng
_aeng
082 _aO495,3N63, Q0
100 _aKim In-suk
_9672473
245 0 _aLong road
_b A Novel
260 _aPortland
_bMervinAsia
_c2010
300 _a113p.
_ccm.
490 _v KEL
650 _aKEL
942 _hO495,3N63, Q0
_cTEXL
_2CC
999 _c1112738
_d1112738